ECW Quiz - Statistics

General Stats
  • This quiz has been taken 35 times
  • The average score is 10 of 30
Answer Stats
Hint Answer % Correct
Who held the ECW World Championship the most amount of times? The Sandman
76%
Who held the ECW World Championship for the longest amount of times? Shane Douglas
67%
Who won the ECW World Championship at Anarchy Rulz 1999, and later left the company? Mike Awesome
62%
Who shockingly won the ECW World Championship at the first ever ECW PPV? Terry Funk
62%
Who lost the ECW World Championship at Anarchy Rulz 1999, and then left the company? Taz
57%
Who ended the final ECW PPV as both ECW World and Television Champion? Rhino
52%
Who held the ECW Television Championship for 700 days? Rob Van Dam
48%
What parody group of the New World Order never won the ECW Tag Team Championships? The Blue World Order
48%
Who defeated the previous answer, and spent most of 2000 as ECW World Champion? Justin Credible
43%
Who lost the ECW World Championship after Stevie Richards took his place in his match? Raven
38%
Who held the ECW World Championship for just 15 minutes? Tommy Dreamer
38%
Who held the ECW Tag Team Championships thrice, with Cactus Jack twice, and Yoshihiro Tajiri once? Mikey Whipwreck
33%
Who held the ECW Television Championship the most about of times? 2 Cold Scorpio
29%
Who did the previous answer later partner with, in order to form the Impact Players, and win the ECW Tag Team Championships twice? Justin Credible
29%
What Triple Threat prospect teamed with Chris Candido to win the ECW Tag Team Championships? Lance Storm
29%
Who defeated The Sandman in a ladder match to win the ECW World Championship (on TV)? Mikey Whipwreck
29%
Who defeated Terry Funk to win the ECW Television Championship, while also being ECW World Champion? Sabu
29%
Who lost the ECW Television Championship to Taz, in under 5 minutes? Shane Douglas
29%
Who defeated Rhino in a tournament final at Living Dangerously 2000, winning the vacant ECW Television Championship Super Crazy
29%
Who held the ECW Tag Team Championships 8 times? The Dudley Boyz
29%
Who defeated The Pitbull for his first ECW Television Championship, and spent the majority of his reign getting destroyed by larger opponents? Mikey Whipwreck
24%
Who was betrayed by the network, then lost the ECW Television Championship to Rhino? Yoshihiro Tajiri
24%
What manager turned wrestler defeated Mikey Whipwreck to win the ECW Television Championship? Jason
19%
Who defeated Raven and Stevie Richards at Gangsta's Paradise, in a Double Dog Collar match, in order to win the ECW Tag Team Championships The Pitbulls
19%
Which team held the ECW Tag Team Championships 4 times? The Public Enemy
19%
Who defeated Rhino on an episode of ECW on TNN to win the ECW Television Championship? Kid Kash
14%
What team, managed by Bill Alfonso, won the ECW Tag Team Championships twice? Rob Van Dam and Sabu
14%
What member of the Triple Threat was the ECW Television Champion, while also being 1 half of the ECW Tag Team Champions? Dean Malenko
10%
Which group won the ECW Tag Team Championships twice, but with a different member the second time? Full Blooded Italians
10%
What team, managed by Jason, won the ECW Tag Team Championships thrice? The Eliminators
10%
No matching quizzes found
Score Distribution
Percent of People with Each Score
Percentile by Number Answered
Your Score History
You have not taken this quiz